<?xml version="1.0" encoding="UTF-8"?>
<record
    xmlns:xsi="http://www.w3.org/2001/XMLSchema-instance"
    xsi:schemaLocation="http://www.loc.gov/MARC21/slim http://www.loc.gov/standards/marcxml/schema/MARC21slim.xsd"
    xmlns="http://www.loc.gov/MARC21/slim">

  <leader>00298nam a22001097a 4500</leader>
  <datafield tag="040" ind1=" " ind2=" ">
    <subfield code="c">SK</subfield>
  </datafield>
  <datafield tag="082" ind1=" " ind2=" ">
    <subfield code="a">317</subfield>
  </datafield>
  <datafield tag="100" ind1=" " ind2=" ">
    <subfield code="a">LOWELL J.</subfield>
  </datafield>
  <datafield tag="245" ind1=" " ind2=" ">
    <subfield code="a">&#x178A;&#x17BE;&#x1798;&#x1798;&#x17D2;&#x179A;&#x17C6; &#x17A2;&#x17B6;&#x17A0;&#x179A;&#x1792;&#x1798;&#x17D2;&#x1798;&#x1787;&#x17B6;&#x178F;&#x17B7;&#x179F;&#x17C6;&#x179A;&#x17B6;&#x1794;&#x17CB;&#x178F;&#x17C6;&#x1794;&#x1793;&#x17CB;&#x178F;&#x17D2;&#x179A;&#x17BC;&#x1796;&#x17B7;&#x1780;</subfield>
  </datafield>
  <datafield tag="260" ind1=" " ind2=" ">
    <subfield code="a">NA</subfield>
    <subfield code="b">LOW</subfield>
    <subfield code="c">1999</subfield>
  </datafield>
  <datafield tag="942" ind1=" " ind2=" ">
    <subfield code="c">EK</subfield>
  </datafield>
  <datafield tag="999" ind1=" " ind2=" ">
    <subfield code="c">10343</subfield>
    <subfield code="d">10343</subfield>
  </datafield>
  <datafield tag="952" ind1=" " ind2=" ">
    <subfield code="0">0</subfield>
    <subfield code="1">0</subfield>
    <subfield code="4">0</subfield>
    <subfield code="6">317_000000000000000_LOW_1999_C253</subfield>
    <subfield code="7">0</subfield>
    <subfield code="9">53101</subfield>
    <subfield code="a">LBC</subfield>
    <subfield code="b">LBC</subfield>
    <subfield code="c">C253</subfield>
    <subfield code="d">2016-10-18</subfield>
    <subfield code="o">317 LOW 1999 C253</subfield>
    <subfield code="p">RUA047854</subfield>
    <subfield code="r">2016-10-18</subfield>
    <subfield code="y">EK</subfield>
  </datafield>
</record>
